000 01514nkm a2200349 c 4500
999 _c209002
_d209002
003 BLK
005 20200917084857.0
008 180412b bul rap|r|||| r0| ||bulo|
010 _aKNG00080754000
040 _aBLK
041 _aBUL
_cBUL
080 _aКарикатура. Комикс
_b741.5
_x.071.1(497.2)(084)
_z741.5.071.1(497.2)(084)
080 _aБългарски художник
_b929 Жейнов, Жейно Пенчев
_z929 Жейнов, Жейно Пенчев
100 1 _aЖейнов, Жейно Пенчев
_eпърви автор
_9351669
139 _aЖейнов, Жейно Пенчев
_bЖ 30
245 1 0 _aКарикатури
_cЖейно Пенчев Жейнов.
257 _aBGR
260 _bИзд. авт.
_c2007
_fСофия : Илинден
300 _a168 с.
_bс ил.
_c19Х20 см
380 _a7
500 _aСъдържа и Другите за автора / К. Драгостинов, П. Динчев, П. Дафинкчиев ; Визитка на автора ; Безспорен творец / Ст. Минчев.
600 1 4 _aЖейнов, Жейно Пенчев
_9387018
650 4 _aКарикатуристи, български
_9293582
650 4 _aКарикатура, българска
_9242411
653 _aкарикатура
653 _aкарикатуристи
852 _aЦб 302213
856 4 _qpdf
_u
856 4 _qpdf
_u
942 _cGRA
_n0
_s1
944 _aCR
_c23.01.2008
_kГеновева_Генчева
944 _aED
_c01.02.2008
999 _d209002